000 00424nam a2200181Ia 4500
008 100917s9999 xx 000 0 und d
082 _b7927
100 _aनिसळ शांता
245 _aराखण
260 _b---
_c1966
300 _a238
365 _b6
520 _aकादंबरी
630 _aराखण
650 _aकादंबरी
730 _aराखण
942 _cBOOK
999 _c613321
_d613318